| 000 | 00732cam a22002534a 4500 | ||
|---|---|---|---|
| 001 | 12411717 | ||
| 003 | 0 | ||
| 005 | 20170310094810.0 | ||
| 008 | 010517s2002 maua 001 0 eng | ||
| 010 | _a 2001026619 | ||
| 020 | _a9780072423402 | ||
| 040 | _cSPU | ||
| 042 | _apcc | ||
| 050 | 0 | 0 |
_aQA76.73 _b.J38P67 2002 |
| 100 | 1 | _aPoplawski, David A. | |
| 245 | 1 | 0 |
_aObjects have class! : _ban introduction to programming with Java / _cDavid A. Poplawski. |
| 250 | _a1st ed. | ||
| 260 |
_aBoston : _bMcGraw-Hill, _c2002. |
||
| 300 |
_axxx, 540 p. : _bill. ; _c23 cm. |
||
| 500 | _aIncludes index. | ||
| 650 | 0 | _aJava (Computer program language) | |
| 650 | 0 | _aObject-oriented programming (Computer science) | |
| 942 |
_2lcc _cBK |
||
| 999 |
_c49271 _d49271 |
||